O solidarite v čase kríz Európskej únie

Analýza jednotlivých kríz zasahujúce Európsku úniu, pričom je kladený dôraz na ich spoločného menovateľa, solidaritu. Definícia solidarity, objasnenie jej dôležitosti a následky jej absencie.

Guardado en:
Detalles Bibliográficos
Autor principal: Fifiková, Dominika, 1987-
Formato: Capítulo de libro
Lenguaje:eslovaco
Materias:
Etiquetas: Agregar Etiqueta
Sin Etiquetas, Sea el primero en etiquetar este registro!

MARC

LEADER 00000naa$a2200000$$$4500
001 0241450
005 20250707082646.8
041 0 |a slo 
044 |a CZ 
245 1 0 |a O solidarite v čase kríz Európskej únie  |c Dominika Fifiková 
520 |a Analýza jednotlivých kríz zasahujúce Európsku úniu, pričom je kladený dôraz na ich spoločného menovateľa, solidaritu. Definícia solidarity, objasnenie jej dôležitosti a následky jej absencie. 
610 2 0 |a kríza 
610 2 0 |a kríza politická 
610 2 0 |a kríza hospodárska 
610 2 0 |a kríza sociálna 
610 2 0 |a spoločnosť 
610 2 0 |a solidarita 
610 2 0 |a Európska únia 
610 2 0 |a politika medzinárodná 
100 1 |a Fifiková, Dominika, 1987-